000 00278cam a22000977a 4500
008 180718b1958 xxu||||| |||| 00| 0 eng d
082 _aD89x54
100 _aShakha, Prakashan
245 _aRehabilitation
_cby Prakashan Shakha
260 _aUttar Pradesh
_bInformation Department
_c1958
999 _c504212
_d504212